LIBRARY & INFORMATION CENTRE, KCAET, TAVANUR

ONLINE PUBLIC ACCESS CATALOGUE (OPAC)

Lifco`s good English:How to master it (Record no. 12834)

MARC details
000 -LEADER
fixed length control field 00328cam a2200133ua 4500
003 - CONTROL NUMBER IDENTIFIER
control field OSt
008 - FIXED-LENGTH DATA ELEMENTS--GENERAL INFORMATION
fixed length control field 230404b |||||||| |||| 00| 0 eng d
041 ## - LANGUAGE CODE
Language code of text/sound track or separate title eng
082 ## - DEWEY DECIMAL CLASSIFICATION NUMBER
Classification number 425
Item number LIT/LI
245 ## - TITLE STATEMENT
Title Lifco`s good English:How to master it
260 ## - PUBLICATION, DISTRIBUTION, ETC. (IMPRINT)
Place of publication Thevara :
Name of publisher Little flower press ,
Year of publication 1961.
300 ## - PHYSICAL DESCRIPTION
Number of Pages 107 ; .
942 ## - ADDED ENTRY ELEMENTS (KOHA)
Koha item type Books
Holdings
Withdrawn status Lost status Damaged status Home library Current library Date acquired Full call number Accession Number Koha item type
Withdrawn     KAUAET KAUAET 07/04/2012 425 10758 Books
free website counter